| 000 | 00489nam a2200145Ia 4500 | ||
|---|---|---|---|
| 008 | 230128s9999 xx 000 0 und d | ||
| 041 | _aeng | ||
| 082 |
_aHER PR0664 _bHER |
||
| 100 |
_aHersheeta Chandankar - 2k161128; Prof. Suvarna Dhamdhere - Guide & Quick Heal _9119004 |
||
| 245 | _aStudy Of Agile Implementation And Future Enhancements For Url Categorization Project | ||
| 260 |
_c2016 _bSavitribai Phule Pune University _aPune |
||
| 300 | _a58p | ||
| 440 | _v1 | ||
| 999 |
_c97308 _d97308 |
||